AC/DC albums on the Billboard 200 Chart (USA) - Statistics

General Stats
  • This quiz has been taken 55 times
    27 since last reset
  • The average score is 18 of 25
Answer Stats
Peak Chart Position, Year Answer % Correct
4, 1980 Back in Black
100%
1, 1981 For Those About to Rock (We Salute You)
96%
17, 1979 Highway to Hell
96%
1, 2008 Black Ice
85%
3, 1981 Dirty Deeds Done Dirt Cheap
85%
146, 1982 High Voltage
85%
2, 1990 The Razor's Edge
85%
154, 1977 Let There Be Rock
81%
133, 1978 Powerage
81%
33, 1986 Who Made Who
81%
32, 1985 Fly on the Wall
77%
7, 2000 Stiff Upper Lip
73%
15, 1983 Flick of the Switch
69%
15, 1992 Live
69%
34, 1992 Live: Special Collector's Edition
69%
3, 2014 Rock or Bust
69%
12, 1988 Blow Up Your Video
65%
4, 1995 Ballbreaker
62%
113, 1979 If You Want Blood You've Got It
58%
1, 2020 Power Up
58%
76, 1985 '74 Jailbreak
50%
90, 1997 Bonfire
50%
4, 2010 Iron Man 2
46%
66, 2012 Live at River Plate
42%
39, 2009 Backtracks
35%
No matching quizzes found
Score Distribution
Percent of People with Each Score
Percentile by Number Answered
Your Score History
You have not taken this quiz since the last reset